00672 2200205 4500001002100000005001700021008004100038035002400079082001100103090002100114100001900135245008800154260012100242300002700363650002800390700001500418850001200433985000600445999001500451YOGYA-0209000005149720090227032729.0 ind  0010-020900000051497 a796.33 a796.33bHar PlT aHARYONO, Sugih aPenuntun, pelatih dan peraturan permainan sepak TakrawcSugih Haryono, Goes Mardaus aJakartabDepartemen Pendidikan dan Kebudayaan Direktorat Jenderal Pendidikan Luar Sekolah, Pemuda dan Olahragac1981 ai, 54 hlmbilusc21 cm aSepak Takraw - Olahraga aGUSMARDAUS aYOPDYOG a1 aA000012097